ბათუმის შოთა რუსთაველის სახელმწიფო უნივერსიტეტის ბიბლიოთეკა

მამულის კვამლი (ბიბ.ჩანაწერი № 49718)

000 -LEADER
fixed length control field 00740nam a2200229Ia 4500
001 - CONTROL NUMBER
control field 16652
003 - CONTROL NUMBER IDENTIFIER
control field GE_BSU
008 - FIXED-LENGTH DATA ELEMENTS--GENERAL INFORMATION
fixed length control field 181216s||||||||xx |||||||||||||| ||und||
040 ## - CATALOGING SOURCE
Transcribing agency GE_BSU
080 ## - UNIVERSAL DECIMAL CLASSIFICATION NUMBER
Universal Decimal Classification number 821.353.1-1 + 821.353.1-11
100 ## - MAIN ENTRY--PERSONAL NAME
Personal name მელია, ი.
245 ## - TITLE STATEMENT
Title მამულის კვამლი
245 ## - TITLE STATEMENT
Remainder of title ლექსები და პოემა
245 ## - TITLE STATEMENT
Statement of responsibility, etc. რედ.ც.წუწუნავა. მხ.შ.ხოლუაშვილი
260 ## - PUBLICATION, DISTRIBUTION, ETC.
Place of publication, distribution, etc. ბათუმი
260 ## - PUBLICATION, DISTRIBUTION, ETC.
Name of publisher, distributor, etc. სახელგამი
260 ## - PUBLICATION, DISTRIBUTION, ETC.
Date of publication, distribution, etc. 1959
300 ## - PHYSICAL DESCRIPTION
Extent 166გვ. ; 18სმ
653 ## - INDEX TERM--UNCONTROLLED
Uncontrolled term ლექსები და პოემა
653 ## - INDEX TERM--UNCONTROLLED
Uncontrolled term მამულის კვამლი
942 ## - ADDED ENTRY ELEMENTS (KOHA)
Koha item type წიგნი
ეგზემპლარები
Withdrawn status Lost status Damaged status Not for loan Date acquired Barcode Date last seen Price effective from Koha item type
        2018-12-17 41264 2018-12-17 2018-12-17 წიგნი
        2018-12-17 41265 2018-12-17 2018-12-17 წიგნი